Cliffsnotes Milton's paradise lost. (Record no. 549395)

000 -LEADER
fixed length control field 00666cam a22001935a 4500
020 ## - INTERNATIONAL STANDARD BOOK NUMBER
International Standard Book Number 0764586661 (paperback : alk. paper)
082 ## - DEWEY DECIMAL CLASSIFICATION NUMBER
Classification number 821
Author Mark MIL
-- L-29, P-136
100 ## - MAIN ENTRY--PERSONAL NAME
Personal name John, Milton
9 (RLIN) 27641
245 00 - TITLE STATEMENT
Title Cliffsnotes Milton's paradise lost.
Remainder of title Milton John
250 ## - EDITION STATEMENT
Edition statement 1st ed.
260 ## - PUBLICATION, DISTRIBUTION, ETC.
Place of publication, distribution, etc. Hyderabad
Name of publisher, distributor, etc. Asim Book Depot
Date of publication, distribution, etc. 2000.
300 ## - PHYSICAL DESCRIPTION
Extent 64 p. ;
Dimensions cm.
526 ## - STUDY PROGRAM INFORMATION NOTE
Program name 0
Interest level 0
Reading level 0
Title point value 821_000000000000000_MIL
650 ## - SUBJECT ADDED ENTRY--TOPICAL TERM
Topical term or geographic name entry element MCE
9 (RLIN) 379
856 41 - ELECTRONIC LOCATION AND ACCESS
Uniform Resource Identifier <a href="http://www.loc.gov/catdir/toc/wiley022/00107695.html">http://www.loc.gov/catdir/toc/wiley022/00107695.html</a>
856 42 - ELECTRONIC LOCATION AND ACCESS
Uniform Resource Identifier <a href="http://www.loc.gov/catdir/bios/wiley045/00107695.html">http://www.loc.gov/catdir/bios/wiley045/00107695.html</a>
856 42 - ELECTRONIC LOCATION AND ACCESS
Uniform Resource Identifier <a href="http://www.loc.gov/catdir/description/wiley038/00107695.html">http://www.loc.gov/catdir/description/wiley038/00107695.html</a>
942 ## - ADDED ENTRY ELEMENTS (KOHA)
Source of classification or shelving scheme
Koha item type Book
Holdings
Withdrawn status Lost status Source of classification or shelving scheme Damaged status Not for loan Permanent Location Current Location Date acquired Total Checkouts Full call number Barcode Date last seen Price effective from Koha item type
          Military College of Engineering (MCE) Military College of Engineering (MCE) 09/24/2014   821 MIL MCE-5338/1 09/24/2014 09/24/2014 Book
© 2023 Central Library, National University of Sciences and Technology. All Rights Reserved.